Score 0/12 Timer 00:30
0 Plays Today
% Correct
Baby Jesus
88.7%
Gloria
74.2%
Gloria
74.1%
Luke
70%
doggy dog world
59.8%
salt
46.3%
Dog butler
37.2%
Javier
29.8%
A tree
26.3%
lemons
22%
Say, 'I'm looking you in the eye'
19.8%
13.4%
Remove Ads.
Support Sporcle.
Get the best of Sporcle when you Go Orange. This ad-free experience offers more features, more stats, and more fun while also helping to support Sporcle. Thank you for becoming a member.

You're not logged in!

Compare scores with friends on all Sporcle quizzes.
OR
Log In

Show Comments

Extras

Top Quizzes Today


Score Distribution

Your Account Isn't Verified!

In order to create a playlist on Sporcle, you need to verify the email address you used during registration. Go to your Sporcle Settings to finish the process.

Report this User

Report this user for behavior that violates our Community Guidelines.

Details: